Facultad de Derecho – Universidad Nacional de Mar del Plata

Manual de teoria del Estado y del Gobierno (Record no. 5371)

MARC details
000 -CABECERA
campo de control de longitud fija 00861nam a2200145 4500
020 ## - NUMERO INTERNACIONAL NORMALIZADO PARA LIBROS (ISBN)
International Standard Book Number 9505771843
080 ## - NUMERO DE CLASIFICACION DECIMAL UNIVERSAL (CDU)
Número de la Clasificación Decimal Universal 342.3 /34 M 319
245 ## - MENCION DE TITULO
Título propiamente dicho Manual de teoria del Estado y del Gobierno
260 ## - PUBLICACION, DISTRIBUCION, ETC. (PIE DE IMPRENTA)
Lugar de publicación, distribución, etc. Buenos Aires:
Nombre del editor, distribuidor, etc. del Belgrano,
Fecha de publicación, distribución, etc. 1997
300 ## - DESCRIPCION FISICA
Extensión 294 P.
650 ## - ASIENTO SECUNDARIO DE MATERIA - TERMINO TEMATICO
Subdivisión general teoria del estado
-- ciencia politica
-- metodo
-- soberania del Estado
-- pueblo
-- opinion publica
-- obligacion politica
-- contrato
-- doctrina de seguridad juridica
-- derecho constitucional
-- constitucion politica
-- estado
-- estado capitalista
-- Max Weber
-- Jhon Rawls
-- ideas politicas
-- Nicolas Maquiavelo
-- Jean Bodin
-- Thomas Hobbes
-- Jhon Locke
-- Montesquieu
-- Jean Jackes Rousseau
-- Alexis de Tockeville
-- George Sorel
-- socialismo utopico
-- socialismo cientifico
-- derecho politico
700 ## - ASIENTO SECUNDARIO - NOMBRE PERSONAL
Nombre personal Dalla Via Alberto
Término de relación Graña, Eduardo
-- Sisinni, Nicolas
-- Basterra, Marcela
945 ## - INFORMACION DE PROCESAMIENTO LOCAL
Responsable de carga/modificación Celeste Delía
AAAA-MM-DD - Fecha de ingreso/modificación 2024-02-26
942 ## - ELEMENTOS AGREGADOS (KOHA)
Clasificación normalizada de Koha para alfabetizar _
Holdings
Retirado Perdido Fuente de clasificación Dañado No se presta Ubicación permanente Locación actual Estante o sala Fecha de adquisición Total préstamos Signatura topográfica Inventario Ultima fecha vista Fecha del precio Tipo de item de Koha
          Bib. Derecho Bib. Derecho Sala de Lectura 26/02/2024   342.3 /34 M 319 204452 26/02/2024 26/02/2024 LIBRO (Consulta)

XHTML | CSS | ©Biblioteca Central - Dto. Tecnología de la Información - [ Con tecnología Koha ]